|
|
|
|
| LEADER |
04566nam a2200961 i 4500 |
| 001 |
nkc20253666493 |
| 003 |
CZ PrNK |
| 005 |
20251013225740.0 |
| 007 |
ta |
| 008 |
250113s2024 xr ab f 000 0 cze |
| 015 |
|
|
|a cnb003666493
|
| 020 |
|
|
|a 978-80-7581-054-0
|q (vázáno)
|
| 035 |
|
|
|a (OCoLC)1505966101
|
| 040 |
|
|
|a BOA001
|b cze
|d OLA001
|d ABA001
|e rda
|
| 041 |
0 |
|
|a cze
|b eng
|
| 043 |
|
|
|a e-xr---
|b e-xr-st
|2 czenas
|
| 072 |
|
7 |
|a 903
|x Pravěk
|2 Konspekt
|9 8
|
| 080 |
|
|
|a 902.2
|2 MRF
|
| 080 |
|
|
|a 903.2
|2 MRF
|
| 080 |
|
|
|a 903.5
|2 MRF
|
| 080 |
|
|
|a 903"6373"
|2 MRF
|
| 080 |
|
|
|a (437.312)
|2 MRF
|
| 080 |
|
|
|a (048.8:082)
|2 MRF
|
| 100 |
1 |
|
|a Kosová, Michaela
|7 mzk2015882617
|4 aut
|
| 245 |
1 |
0 |
|a Kolín :
|b pohřebiště starší doby bronzové ve středních Čechách = an Early Bronze Age cemetery in Central Bohemia /
|c Michaela Kosová, Michal Ernée et al. - Lukáš Ackerman, Jarmila Bíšková, Hana Brzobohatá, Pavel Burgert, Alžběta Danielisová, Kristina Doležalová, Sylva Drtikolová Kaupová, Jan Eigner, Julie Erban Kočergina, Michal Ernée, Marek Fikrle, Soňa Grossová, Jiří Kmošek, Petr Kočár, Romana Kočárová, Michaela Kosová (Langová), Jarmila Koutová, Lukáš Kučera, René Kyselý, Pavlína Langová (Grossová), Blanka Šreinová, Radka Šumberová, Lenka Vargová, Kateřina Vymazalová, Vojtěch Zemek
|
| 246 |
3 |
0 |
|a Pohřebiště starší doby bronzové ve středních Čechách
|
| 246 |
3 |
0 |
|a Early Bronze Age cemetery in Central Bohemia
|
| 264 |
|
1 |
|a Praha :
|b Archeologický ústav Akademie věd České republiky, Praha, v.v.i.,
|c 2024
|
| 300 |
|
|
|a 454 stran :
|b ilustrace (převážně barevné), mapy ;
|c 31 cm
|
| 336 |
|
|
|a text
|b txt
|2 rdacontent
|
| 337 |
|
|
|a bez média
|b n
|2 rdamedia
|
| 338 |
|
|
|a svazek
|b nc
|2 rdacarrier
|
| 490 |
1 |
|
|a Památky archeologické. Supplementum ;
|v 23
|
| 500 |
|
|
|a 400 výtisků
|
| 504 |
|
|
|a Obsahuje bibliografii a bibliografické odkazy
|
| 546 |
|
|
|a Anglické resumé
|
| 650 |
0 |
7 |
|a archeologické výzkumy
|7 ph118577
|z Česko
|2 czenas
|
| 650 |
0 |
7 |
|a archeologické nálezy
|7 ph137683
|z Česko
|2 czenas
|
| 650 |
0 |
7 |
|a archeologické lokality
|7 ph118575
|z Česko
|2 czenas
|
| 650 |
0 |
7 |
|a pohřebiště
|7 ph137684
|z Česko
|2 czenas
|
| 650 |
0 |
7 |
|a starší doba bronzová
|7 ph333379
|z Česko
|2 czenas
|
| 650 |
0 |
9 |
|a excavations (archaeology)
|z Czechia
|2 eczenas
|
| 650 |
0 |
9 |
|a antiquities
|z Czechia
|2 eczenas
|
| 650 |
0 |
9 |
|a archaeological sites
|z Czechia
|2 eczenas
|
| 650 |
0 |
9 |
|a cemeteries
|z Czechia
|2 eczenas
|
| 650 |
0 |
9 |
|a early bronze age
|z Czechia
|2 eczenas
|
| 651 |
|
7 |
|a Kolín (Česko : oblast)
|7 ge129621
|2 czenas
|
| 651 |
|
9 |
|a Kolín Region (Czechia)
|2 eczenas
|
| 655 |
|
7 |
|a kolektivní monografie
|7 fd501537
|2 czenas
|
| 655 |
|
9 |
|a collective monographs
|2 eczenas
|
| 700 |
1 |
|
|a Ernée, Michal,
|d 1963-
|7 jn19990010057
|4 aut
|
| 700 |
1 |
|
|a Ackerman, Lukáš
|7 xx0020318
|4 aut
|
| 700 |
1 |
|
|a Bíšková, Jarmila,
|d 1989-
|7 mzk2014802057
|4 aut
|
| 700 |
1 |
|
|a Brzobohatá, Hana,
|d 1971-
|7 av2012717631
|4 aut
|
| 700 |
1 |
|
|a Burgert, Pavel,
|d 1987-
|7 jo2010554273
|4 aut
|
| 700 |
1 |
|
|a Danielisová, Alžběta,
|d 1979-
|7 jx20090206004
|4 aut
|
| 700 |
1 |
|
|a Doležalová, Kristina
|7 mzk20251250940
|4 aut
|
| 700 |
1 |
|
|a Drtikolová Kaupová, Sylva
|7 mzk2016921162
|4 aut
|
| 700 |
1 |
|
|a Eigner, Jan,
|d 1988-
|7 mzk2015893071
|4 aut
|
| 700 |
1 |
|
|a Erban Kočergina, Julie
|7 mzk20251248683
|4 aut
|
| 700 |
1 |
|
|a Ernée, Michal,
|d 1963-
|7 jn19990010057
|4 aut
|
| 700 |
1 |
|
|a Fikrle, Marek,
|d 1978-
|7 pna2012690869
|4 aut
|
| 700 |
1 |
|
|a Grossová, Soňa
|4 aut
|
| 700 |
1 |
|
|a Kmošek, Jiří,
|d 1990-
|7 pna2013797299
|4 aut
|
| 700 |
1 |
|
|a Kočár, Petr,
|d 1973-
|7 ola2011621925
|4 aut
|
| 700 |
1 |
|
|a Kočárová, Romana
|7 jo2016900057
|4 aut
|
| 700 |
1 |
|
|a Kosová, Michaela
|7 mzk2015882617
|4 aut
|
| 700 |
1 |
|
|a Koutová, Jarmila,
|d 1980-
|7 jcu2017960426
|4 aut
|
| 700 |
1 |
|
|a Kučera, Lukáš
|7 mzk2018997178
|4 aut
|
| 700 |
1 |
|
|a Kyselý, René,
|d 1974-
|7 xx0050335
|4 aut
|
| 700 |
1 |
|
|a Langová, Pavlína
|4 aut
|
| 700 |
1 |
|
|a Šreinová, Blanka
|7 pna2017938321
|4 aut
|
| 700 |
1 |
|
|a Šumberová, Radka,
|d 1966-
|7 jn20010309245
|4 aut
|
| 700 |
1 |
|
|a Vargová, Lenka,
|d 1960-
|7 xx0039571
|4 aut
|
| 700 |
1 |
|
|a Vymazalová, Kateřina
|7 ola20201082162
|4 aut
|
| 700 |
1 |
|
|a Zemek, Vojtěch
|7 xx0332195
|4 aut
|
| 830 |
|
0 |
|a Památky archeologické.
|p Supplementum
|0 s
|
| 910 |
2 |
|
|a BOA001
|b 4-1538.454
|
| 928 |
9 |
|
|a Akademie věd České republiky, Archeologický ústav, Praha
|
| 990 |
|
|
|a BK
|
| 995 |
|
|
|a 01
|
| 991 |
|
|
|b 202501
|c NOV
|
| 996 |
6 |
|
|b 2610992226
|c 4-1538.454
|l MZK
|r Sklad / do 1 hodiny
|n 0
|p p.v.
|w 001991078
|u 000010
|a 1
|e BOA001
|j MZK50
|s P
|